[Event "Xtracon Chess Open 2017"]
[Site "Helsingor DEN"]
[Date "2017.07.27"]
[Round "7.193"]
[White "Fuglestein, Sander"]
[Black "Tjora, Alexander"]
[Result "1-0"]
[WhiteElo "1626"]
[BlackElo "1434"]
[WhiteFideId "1536680"]
[BlackFideId "1528203"]
[EventDate "2017.07.22"]

1. d4 Nf6 2. c4 g6 3. Nc3 Bg7 4. e4 d6 5. f4 O-O 6. Bd3 c5 7. dxc5 dxc5 8. e5
Nfd7 9. Nf3 Nc6 10. h4 Nd4 11. Nxd4 cxd4 12. Ne4 Qb6 13. h5 Nc5 14. Nxc5 Qxc5
15. Bd2 Qc6 16. Qe2 e6 17. O-O-O Bd7 18. g4 Qa4 19. hxg6 fxg6 20. Qh2 Rf7 21.
Qxh7+ Kf8 22. Qxg6 Qxa2 23. Bb4+ 1-0

[Event "Xtracon Chess Open 2017"]
[Site "Helsingor DEN"]
[Date "2017.07.27"]
[Round "7.194"]
[White "Kristensen, Thomas Overgaard"]
[Black "Huse, Arne Kjelsbol"]
[Result "1-0"]
[WhiteElo "1610"]
[BlackElo "1352"]
[WhiteFideId "1419803"]
[BlackFideId "1520709"]
[EventDate "2017.07.22"]

1. d4 d5 2. c4 c6 3. Nc3 Nf6 4. Bg5 e6 5. cxd5 exd5 6. Qc2 Be7 7. e3 Be6 8. Bd3
Nbd7 9. Nge2 h6 10. Bh4 Qc7 11. Bg3 Bd6 12. Nf4 Nf8 13. O-O g5 14. Nfe2 h5 15.
Nb5 cxb5 16. Qxc7 Bxc7 17. Bxc7 a6 18. Rac1 Bd7 19. Be5 Rh6 20. Rc7 Bc6 21. Ng3
Ne6 22. Nf5 Nxc7 23. Nxh6 Ke7 24. Bxc7 Bd7 25. Nf5+ Ke6 26. Nd6 Bc6 27. Bf5+ Ke7
28. Nc8+ Ke8 29. Nb6 Rd8 30. Bxd8 Kxd8 31. Nc8 Bd7 32. Bxd7 Kxd7 33. Rc1 g4 34.
b3 Ne8 35. f3 Ke6 36. Kf2 Kf5 37. Nb6 gxf3 38. gxf3 Ke6 39. Rc5 Nf6 40. Rc7 1-0

[Event "Xtracon Chess Open 2017"]
[Site "Helsingor DEN"]
[Date "2017.07.27"]
[Round "7.195"]
[White "Dahl, Ian"]
[Black "Christensen, John Christopher Hojstrup"]
[Result "1-0"]
[WhiteElo "1347"]
[BlackElo "1603"]
[WhiteFideId "1520210"]
[BlackFideId "1453947"]
[EventDate "2017.07.22"]

1. e4 c5 2. Nf3 d6 3. d4 cxd4 4. Nxd4 Nf6 5. Nc3 a6 6. Bc4 e6 7. Nde2 b5 8. Bb3
b4 9. e5 Nfd7 10. Ne4 d5 11. Nd6+ Bxd6 12. exd6 O-O 13. O-O Nc5 14. Qd4 Qb6 15.
Be3 Nbd7 16. Rad1 a5 17. c4 a4 18. Bc2 dxc4 19. Qxc4 Ba6 20. Qh4 f5 21. Bd3 Bxd3
22. Rxd3 Qb5 23. Rd2 Ne4 24. Nd4 Qd5 25. Rdd1 Rf6 26. f3 Ndc5 27. Nb3 Qc6 28.
Nxc5 Nxc5 29. Rc1 Ra5 30. Qxb4 Rb5 31. Rxc5 1-0

[Event "Xtracon Chess Open 2017"]
[Site "Helsingor DEN"]
[Date "2017.07.27"]
[Round "7.196"]
[White "Cort Maleeva Hansen, Andreas Philip"]
[Black "Joensen, Jon Magnus"]
[Result "0-1"]
[WhiteElo "1308"]
[BlackElo "1600"]
[WhiteFideId "1462636"]
[BlackFideId "7201915"]
[EventDate "2017.07.22"]

1. e4 e5 2. Nf3 Nc6 3. Bb5 a6 4. Bxc6 dxc6 5. Nc3 Bd6 6. d3 h6 7. h3 Nf6 8. O-O
Be6 9. Ne2 g5 10. b3 c5 11. Bb2 Nd7 12. Nh2 Qe7 13. a4 Rg8 14. Nc3 c6 15. Re1
O-O-O 16. Nb1 Nf8 17. Ng4 Bxg4 18. Qxg4+ Ne6 19. Nd2 Kb8 20. Nc4 f6 21. Ne3 Ng7
22. Nf5 Nxf5 23. Qxf5 h5 24. c4 Rg7 25. Red1 Rdg8 26. f3 g4 27. hxg4 Rg5 28.
Qxg5 Rxg5 29. gxh5 Rxh5 30. Kf2 Qg7 31. Rg1 Qg5 32. Rad1 Bf8 33. g4 Rh2+ 34. Rg2
Qh4+ 35. Kf1 Rh1+ 36. Ke2 Rxd1 37. Kxd1 Qh1+ 38. Kc2 Qxg2+ 39. Kc3 Qxf3 40. g5
fxg5 41. Bc1 g4 42. Bd2 g3 43. Be1 g2 44. Bd2 g1=Q 45. Bh6 Qa1+ 46. Kd2 Qf2# 0-1

[Event "Xtracon Chess Open 2017"]
[Site "Helsingor DEN"]
[Date "2017.07.27"]
[Round "7.197"]
[White "Persson, Lars 1958"]
[Black "Kvamme, Thomas Jordre"]
[Result "1/2-1/2"]
[WhiteElo "1590"]
[BlackElo "1327"]
[WhiteFideId "1742469"]
[BlackFideId "1523368"]
[EventDate "2017.07.22"]

1. d4 d5 2. e3 Bf5 3. Bd3 Bg6 4. f4 Qd7 5. Nf3 Bh5 6. Nbd2 Nf6 7. O-O e6 8. Qe1
Be7 9. Ne5 Qd8 10. c3 O-O 11. e4 Ng4 12. Nxg4 Bxg4 13. h3 Bh5 14. g4 dxe4 15.
Bxe4 Bg6 16. Bxb7 Nd7 17. Bxa8 Qxa8 18. h4 Bd3 19. Rf3 Bc4 20. Rh3 Bd5 21. Qf2
c5 22. Nf3 cxd4 23. cxd4 Nf6 24. g5 Ne4 25. Qe3 Rc8 26. Nd2 Rc2 27. Nxe4 Bxe4
28. Rh2 Qc6 29. Rxc2 Qxc2 30. Qf2 Qd1+ 31. Kh2 Qh1+ 32. Kg3 Bf5 33. Qg2 Qe1+ 34.
Qf2 Qh1 1/2-1/2

[Event "Xtracon Chess Open 2017"]
[Site "Helsingor DEN"]
[Date "2017.07.27"]
[Round "7.199"]
[White "Jacobsen, Stig Jerlow"]
[Black "Ronnestad, Liam Jansson"]
[Result "1-0"]
[WhiteElo "1209"]
[BlackElo "1569"]
[WhiteFideId "1519816"]
[BlackFideId "1523384"]
[EventDate "2017.07.22"]

1. d4 d5 2. Nf3 Nf6 3. e3 e6 4. Bd3 c5 5. b3 Be7 6. Bb2 Nc6 7. a3 a6 8. O-O O-O
9. Nbd2 b6 10. c4 dxc4 11. Nxc4 Bb7 12. Nfe5 Nxe5 13. dxe5 Ne8 14. Qc2 b5 15.
Nd2 h6 16. Rad1 Qb6 17. Be4 Bd5 18. Bxd5 exd5 19. f4 Nc7 20. Rf3 f5 21. exf6
Bxf6 22. Bxf6 Rxf6 23. e4 dxe4 24. Nxe4 Rc6 25. Kh1 Ne6 26. Qb2 Re8 27. Ng3 Nd4
28. Rff1 Re3 29. b4 Rd6 30. bxc5 Qxc5 31. f5 Rd5 32. f6 Rxg3 33. f7+ Kf8 34.
Rde1 Re5 35. Rxe5 Qxe5 36. Qb4+ 1-0

[Event "Xtracon Chess Open 2017"]
[Site "Helsingor DEN"]
[Date "2017.07.27"]
[Round "7.200"]
[White "Jensen, Johannes Frank"]
[Black "Hina, Ariza"]
[Result "0-1"]
[WhiteElo "1170"]
[BlackElo "1555"]
[WhiteFideId "1457942"]
[BlackFideId "1525441"]
[EventDate "2017.07.22"]

1. d4 d5 2. Nc3 Nf6 3. Nf3 Bf5 4. Bg5 Nbd7 5. e3 e6 6. Ne5 c5 7. Nxd7 Kxd7 8.
Bxf6 Qxf6 9. Bd3 Rd8 10. Bxf5 Qxf5 11. Nb5 a6 12. Nc3 Kc8 13. O-O e5 14. h3 Kb8
15. Ne2 cxd4 16. exd4 Bd6 17. Ng3 Qg6 18. c3 f6 19. Kh2 e4 20. Qg4 Qxg4 21. hxg4
h5 22. Kh3 Bxg3 23. Kxg3 hxg4 24. Kxg4 Rh7 25. Kg3 Rdh8 26. f3 exf3 27. Kxf3 Kc7
28. b4 Re8 29. Rh1 Rxh1 30. Rxh1 Kc6 31. Kf2 Kb5 32. Re1 Rxe1 33. Kxe1 Kc4 34.
Kd2 g5 35. a4 b6 36. a5 bxa5 37. bxa5 f5 38. g3 f4 39. g4 Kb5 40. Kd3 Kxa5 41.
c4 dxc4+ 42. Kxc4 Kb6 43. d5 Kc7 44. Kd4 Kd6 45. Ke4 a5 46. Kf5 f3 47. Kxg5 f2
48. Kh6 f1=Q 49. g5 a4 50. g6 a3 51. g7 Qh1+ 52. Kg6 Qg1+ 53. Kh7 Qxg7+ 54. Kxg7
a2 55. Kf7 a1=Q 56. Kg6 Qf1 57. Kg7 Qf5 58. Kg8 Qf6 59. Kh7 Qg5 60. Kh8 Kxd5 61.
Kh7 Ke6 62. Kh8 Kf7 63. Kh7 Qg7# 0-1

[Event "Xtracon Chess Open 2017"]
[Site "Helsingor DEN"]
[Date "2017.07.27"]
[Round "7.201"]
[White "Skjoldager, Morten"]
[Black "Wahlgreen, Noah"]
[Result "0-1"]
[WhiteElo "1538"]
[BlackElo "1315"]
[WhiteFideId "1434322"]
[BlackFideId "1457349"]
[EventDate "2017.07.22"]

1. e4 c5 2. Nf3 Nc6 3. d4 cxd4 4. Nxd4 e5 5. Nxc6 bxc6 6. Nc3 Nf6 7. Be3 Bb4 8.
Bd3 d5 9. exd5 Bxc3+ 10. bxc3 Nxd5 11. Qf3 Nxe3 12. Qxe3 Qe7 13. O-O O-O 14.
Rfe1 Re8 15. Rab1 f6 16. Qe4 f5 17. Qxc6 Bd7 18. Bc4+ Kh8 19. Qf3 Rac8 20. Bd5
Qc5 21. Rb7 Ba4 22. Bb3 Bxb3 23. cxb3 e4 24. Qe3 Qxc3 25. Qxc3 Rxc3 26. Rxa7 h6
27. g3 g5 28. Re2 f4 29. Ra4 Rc1+ 0-1

[Event "Xtracon Chess Open 2017"]
[Site "Helsingor DEN"]
[Date "2017.07.27"]
[Round "7.202"]
[White "Narheim, Mats"]
[Black "Alisaari, Vellu"]
[Result "1-0"]
[WhiteElo "1519"]
[BlackElo "1286"]
[WhiteFideId "1518607"]
[BlackFideId "509701"]
[EventDate "2017.07.22"]

1. e4 c5 2. Nc3 e6 3. Nge2 Nc6 4. g3 a6 5. Bg2 g6 6. d3 Bg7 7. Be3 d6 8. Qd2
Nge7 9. Bh6 O-O 10. h4 f5 11. h5 Qe8 12. Bxg7 Kxg7 13. hxg6 Qxg6 14. Nf4 Qf7 15.
O-O-O Rh8 16. Nh5+ Kf8 17. Qh6+ Ke8 18. Nf6+ Kd8 19. e5 Ng8 20. Nxg8 Qxg8 21.
Bxc6 bxc6 22. Qf6+ Kd7 23. exd6 Kxd6 24. Rh4 Ra7 25. d4 c4 26. d5 cxd5 27. Rxd5+
Kc6 28. Rxc4+ Kb7 29. Rdc5 h6 30. Qe5 Rh7 31. Rb4+ Ka8 32. Qb8# 1-0

[Event "Xtracon Chess Open 2017"]
[Site "Helsingor DEN"]
[Date "2017.07.27"]
[Round "7.203"]
[White "Cort Maleeva Hansen, Daniel Alexander"]
[Black "Jacobsen, Fredrik Lytomt"]
[Result "0-1"]
[WhiteElo "1166"]
[BlackElo "1551"]
[WhiteFideId "1462644"]
[BlackFideId "1519808"]
[EventDate "2017.07.22"]

1. e4 d5 2. exd5 Nf6 3. Nf3 Nxd5 4. Bc4 Nb6 5. d3 Nxc4 6. dxc4 Qxd1+ 7. Kxd1 Bf5
8. Re1 Nc6 9. a3 O-O-O+ 10. Ke2 Bxc2 11. Kf1 Bd3+ 12. Kg1 Bxc4 13. Nc3 Nd4 14.
Nxd4 Rxd4 15. Be3 Rd7 16. Bxa7 b6 17. a4 Kb7 18. Nb5 c6 19. Nc3 Kxa7 20. h3 e6
21. Re4 Bd3 22. Rd1 Be7 23. Re3 Rhd8 24. Ra1 Bc5 25. Rf3 Bb4 26. Rg3 Bxc3 27.
bxc3 Bg6 28. a5 Rd1+ 29. Rxd1 Rxd1+ 30. Kh2 bxa5 31. c4 a4 32. Ra3 Bc2 33. Rc3
Bb3 34. Rg3 g6 35. h4 Bxc4 36. h5 Rd3 37. Rg4 Bb3 38. hxg6 hxg6 39. Rh4 a3 40.
Rh7 a2 41. Rxf7+ Kb6 42. Rg7 a1=Q 43. Rxg6 Qh8+ 44. Kg1 Rd1# 0-1

[Event "Xtracon Chess Open 2017"]
[Site "Helsingor DEN"]
[Date "2017.07.27"]
[Round "7.204"]
[White "Jacobsen, Caroline Beer"]
[Black "Johansen, Paul Ivar"]
[Result "1-0"]
[WhiteElo "1538"]
[BlackElo "1301"]
[WhiteFideId "1510649"]
[BlackFideId "1508024"]
[EventDate "2017.07.22"]

1. e4 c6 2. d4 d5 3. Nc3 dxe4 4. Nxe4 Bf5 5. Ng3 Bg6 6. Nf3 Nd7 7. h4 h6 8. Bd3
Bxd3 9. Qxd3 Ngf6 10. Bf4 e6 11. O-O-O Be7 12. Qb3 Nd5 13. Bd2 O-O 14. Ne5 N7f6
15. Qf3 Rc8 16. Ne2 b5 17. g4 Nh7 18. g5 hxg5 19. hxg5 Bxg5 20. Rdg1 Bxd2+ 21.
Kxd2 Qf6 22. Qh5 Qf4+ 23. Nxf4 Ndf6 24. Qh6 Ne4+ 25. Kc1 1-0

[Event "Xtracon Chess Open 2017"]
[Site "Helsingor DEN"]
[Date "2017.07.27"]
[Round "7.205"]
[White "Gelders, Marte"]
[Black "Gade, Jens"]
[Result "1-0"]
[WhiteElo "1159"]
[BlackElo "1523"]
[WhiteFideId "255513"]
[BlackFideId "1416111"]
[EventDate "2017.07.22"]

1. d4 d5 2. Nf3 Nf6 3. e3 e6 4. Bd3 Be7 5. O-O O-O 6. Nbd2 c5 7. b3 cxd4 8. exd4
b6 9. Bb2 Ba6 10. c4 dxc4 11. Bxc4 Bb7 12. Re1 Nd5 13. Ne4 Ba6 14. Ne5 Bb4 15.
Re2 b5 16. Bd3 f6 17. Nf3 Nd7 18. a3 Be7 19. Rc2 Qb6 20. Rac1 Rac8 21. b4 Rxc2
22. Rxc2 Rc8 23. Bc1 Rxc2 24. Qxc2 Bb7 25. Nc5 Nxc5 26. dxc5 Qc6 27. Bxh7+ Kh8
28. Be4 Qc7 29. Nd4 Qe5 30. c6 Bc8 31. Nxb5 f5 32. Nxa7 Nb6 33. Nxc8 Nxc8 34.
Bd3 Qe1+ 35. Bf1 Kg8 36. Qe2 1-0

[Event "Xtracon Chess Open 2017"]
[Site "Helsingor DEN"]
[Date "2017.07.27"]
[Round "7.206"]
[White "Mansoor, Areeb"]
[Black "Christoffersen, Micki Aron"]
[Result "0-1"]
[WhiteElo "1059"]
[BlackElo "1444"]
[WhiteFideId "1535870"]
[BlackFideId "1454021"]
[EventDate "2017.07.22"]

1. e4 e5 2. Nf3 Nc6 3. Nc3 Bc5 4. Bc4 Nd4 5. Nxe5 Nh6 6. d3 d6 7. Nf3 Bg4 8. Bf4
O-O 9. Bxh6 gxh6 10. Nd5 c6 11. Nc3 Qf6 12. Rg1 Kh8 13. Rh1 Nxf3+ 14. gxf3 Bxf3
15. Qd2 Bxh1 16. O-O-O Bf3 17. Rg1 Rg8 18. Rf1 Rg2 19. d4 Bxd4 20. h4 Be5 21.
Qd3 Rag8 22. b3 Bxc3 0-1

[Event "Xtracon Chess Open 2017"]
[Site "Helsingor DEN"]
[Date "2017.07.27"]
[Round "7.207"]
[White "Aasen, Joakim"]
[Black "Pouliart, Sander"]
[Result "1-0"]
[WhiteElo "1386"]
[BlackElo "1236"]
[WhiteFideId "1539078"]
[BlackFideId "251062"]
[EventDate "2017.07.22"]

1. e4 c5 2. Nc3 d6 3. g3 Nf6 4. Bg2 Nc6 5. d3 e6 6. Be3 Be7 7. Qd2 Ng4 8. f4
Nxe3 9. Qxe3 O-O 10. Nf3 a6 11. O-O b5 12. h3 Bb7 13. g4 f5 14. gxf5 b4 15. Ne2
exf5 16. exf5 Rxf5 17. Qe6+ Rf7 18. Ng5 Bxg5 19. fxg5 Qe7 20. Bd5 Ne5 21. Qxe7 1-0

[Event "Xtracon Chess Open 2017"]
[Site "Helsingor DEN"]
[Date "2017.07.27"]
[Round "7.208"]
[White "Nielsen, Bjorn"]
[Black "Schjolin, John"]
[Result "1/2-1/2"]
[WhiteElo "1353"]
[BlackElo "1145"]
[WhiteFideId "1416839"]
[BlackFideId "1439413"]
[EventDate "2017.07.22"]

1. e4 c5 2. d3 Nc6 3. Nf3 e5 4. c4 d6 5. Be2 h6 6. O-O Nf6 7. Nc3 Be7 8. Nh4 Be6
9. Nf5 Bf8 10. Nb5 Qd7 11. Bg4 a6 12. Nc3 g6 13. Nxd6+ Bxd6 14. Bxe6 fxe6 15.
Na4 Qc7 16. b3 b5 17. Nc3 b4 18. Nb1 a5 19. a4 Qf7 20. Nd2 Nd4 21. Nf3 g5 22.
Nxd4 cxd4 23. Bd2 Bc5 24. f3 Kd7 25. h3 Rag8 26. Be1 Nh5 27. g4 Nf4 28. Kh2 Rg6
29. Bg3 Rf6 30. Ra2 Kd6 31. Raf2 h5 32. Bxf4 exf4 33. Rh1 e5 34. Kg1 hxg4 35.
fxg4 Rh4 36. Qf3 Ke6 37. Rfh2 Kd6 38. Kg2 Qe6 39. Kg1 Kc6 40. Kf2 Rf7 41. Kg1
Rfh7 42. Kg2 1/2-1/2

[Event "Xtracon Chess Open 2017"]
[Site "Helsingor DEN"]
[Date "2017.07.27"]
[Round "7.209"]
[White "Joa, Vegard"]
[Black "Hinrichs, Kurt"]
[Result "1/2-1/2"]
[WhiteElo "1105"]
[BlackElo "1277"]
[WhiteFideId "1523490"]
[BlackFideId "12994057"]
[EventDate "2017.07.22"]

1. d4 d5 2. e3 Nf6 3. c4 c5 4. Nf3 e6 5. b3 Nc6 6. cxd5 Nxd5 7. Bb5 Bd7 8. O-O
Be7 9. Ba3 Qa5 10. Bxc6 Bxc6 11. Qe1 Qxe1 12. Rxe1 cxd4 13. Bxe7 Nxe7 14. Nxd4
Rc8 15. Nc3 O-O 16. Rac1 Bd7 17. Ncb5 Bxb5 18. Nxb5 a6 19. Nd6 Rxc1 20. Rxc1 b5
21. g3 h6 22. b4 Ra8 23. e4 f5 24. e5 g5 25. Nb7 Nd5 26. a3 Kf7 27. Rc6 Ne7 28.
Rc7 Ke8 29. Nd6+ Kd8 30. Rb7 Ng8 31. Rf7 Rb8 32. Rh7 g4 33. Rh8 Kc7 34. Rh7+ Kb6
35. Nf7 Kc6 36. Nxh6 Nxh6 37. Rxh6 Kd5 38. f4 Rb6 39. Rh7 Kc4 40. Rd7 Rc6 41.
Kg2 Kb3 42. Rd6 Rc2+ 43. Kf1 Kxa3 44. Rxa6+ Kxb4 45. Kg1 Kc3 46. Ra3+ Kc4 47.
Ra6 b4 48. Rc6+ Kb3 49. Rxe6 Kb2 50. Rb6 b3 51. e6 Rc8 52. Rb7 Kc2 53. e7 Re8
54. Rc7+ Kb1 55. Rd7 b2 56. Rb7 Kc1 57. Rc7+ Kd1 58. Rd7+ Kc1 59. Rc7+ Kb1 60.
Kf2 Ka2 61. Ra7+ 1/2-1/2

[Event "Xtracon Chess Open 2017"]
[Site "Helsingor DEN"]
[Date "2017.07.27"]
[Round "7.210"]
[White "Hestholm, Freddy"]
[Black "Huse, Lars Paul"]
[Result "1-0"]
[WhiteElo "1249"]
[BlackElo "1163"]
[WhiteFideId "1529951"]
[BlackFideId "1526537"]
[EventDate "2017.07.22"]

1. e4 c5 2. d4 cxd4 3. c3 dxc3 4. Nxc3 Nc6 5. Nf3 e5 6. Bc4 h6 7. Nxe5 Nxe5 8.
Bb3 d6 9. f4 Nc6 10. O-O Qc7 11. Nd5 Qd7 12. f5 Ne5 13. Nf4 Nf6 14. Be3 Be7 15.
Bd4 O-O 16. Nh5 Nxh5 17. Qxh5 Bf6 18. Be3 Qe7 19. Rac1 b6 20. Rc3 Ba6 21. Bxh6
gxh6 22. Rg3+ Kh7 23. Rh3 Bg5 24. f6 Qe6 25. Bxe6 Bxf1 26. Kxf1 fxe6 27. Rc3
Rxf6+ 28. Ke1 Raf8 29. Rc7+ Kg8 30. Kd1 Rf1+ 31. Kc2 R1f2+ 32. Kb3 R2f4 33. Qd1
Rxe4 34. Qxd6 Re3+ 35. Kb4 Re4+ 36. Kb3 Re3+ 37. Rc3 Rxc3+ 38. bxc3 Nf7 39. Qxe6
Rd8 40. h3 Rd3 41. Qg6+ Kf8 42. Qxd3 1-0

[Event "Xtracon Chess Open 2017"]
[Site "Helsingor DEN"]
[Date "2017.07.28"]
[Round "8.1"]
[White "Jobava, Baadur"]
[Black "Short, Nigel D"]
[Result "1-0"]
[WhiteTitle "GM"]
[BlackTitle "GM"]
[WhiteElo "2714"]
[BlackElo "2688"]
[WhiteFideId "13601520"]
[BlackFideId "400025"]
[EventDate "2017.07.22"]

1. c4 e6 2. g3 d5 3. Bg2 Nf6 4. Nf3 Be7 5. O-O O-O 6. Qc2 b6 7. cxd5 Nxd5 8. Nc3
c6 9. Rd1 Bb7 10. d4 Nd7 11. e4 Nxc3 12. bxc3 Qc7 13. Bf4 Bd6 14. e5 Be7 15. h4
Rfe8 16. h5 b5 17. h6 g6 18. Nh2 Nb6 19. Ng4 c5 20. Nf6+ Bxf6 21. exf6 Qc8 22.
Bxb7 Qxb7 23. dxc5 Nc4 24. Bd6 Qf3 25. a4 bxa4 26. Rd4 Na5 27. Rf4 Qb7 28. Rb4
Qd7 29. Qxa4 Nc6 30. Rab1 Rec8 31. Rb7 Qe8 32. f4 Kh8 33. Qe4 Kg8 34. Qa4 e5 35.
fxe5 Qe6 36. Qb3 Qxb3 37. R1xb3 Na5 38. e6 Nxb3 39. exf7+ Kh8 40. Re7 Nd2 41.
Re8+ Rxe8 42. fxe8=Q+ Rxe8 43. f7 Re1+ 44. Kg2 Re2+ 45. Kh3 Rf2 46. Be5+ Rf6 47.
Bxf6# 1-0

[Event "Xtracon Chess Open 2017"]
[Site "Helsingor DEN"]
[Date "2017.07.28"]
[Round "8.2"]
[White "Saric, Ivan"]
[Black "Vitiugov, Nikita"]
[Result "1/2-1/2"]
[WhiteTitle "GM"]
[BlackTitle "GM"]
[WhiteElo "2621"]
[BlackElo "2724"]
[WhiteFideId "14508150"]
[BlackFideId "4152956"]
[EventDate "2017.07.22"]

1. e4 e5 2. Nf3 Nc6 3. Bb5 a6 4. Ba4 Nf6 5. O-O Be7 6. Re1 b5 7. Bb3 d6 8. c3
O-O 9. h3 Re8 10. d4 Bb7 11. Nbd2 Bf8 12. a3 h6 13. Ba2 Nb8 14. Qb3 Qd7 15. Qc2
c5 16. d5 c4 17. b3 cxb3 18. Nxb3 Qc7 19. Bd2 Rc8 20. Rac1 a5 21. Qb1 a4 22. Na1
Nbd7 23. Nc2 Nc5 24. Nb4 Nb3 25. Bxb3 axb3 26. Qxb3 Qc4 27. Qc2 Rxa3 28. Nh2 Nd7
29. Nf1 Nc5 30. Ne3 Qb3 31. Rb1 Qa4 32. Red1 Qa7 33. Bc1 Ra4 34. Kh1 1/2-1/2

[Event "Xtracon Chess Open 2017"]
[Site "Helsingor DEN"]
[Date "2017.07.28"]
[Round "8.3"]
[White "Sasikiran, Krishnan"]
[Black "Andersen, Mads"]
[Result "1/2-1/2"]
[WhiteTitle "GM"]
[BlackTitle "GM"]
[WhiteElo "2688"]
[BlackElo "2586"]
[WhiteFideId "5004985"]
[BlackFideId "1413864"]
[EventDate "2017.07.22"]

1. e4 c5 2. Nf3 d6 3. d4 cxd4 4. Nxd4 Nf6 5. Nc3 a6 6. Be3 e6 7. a3 b5 8. g4 Bb7
9. Bg2 Nfd7 10. g5 Nc6 11. f4 Rc8 12. h4 Be7 13. f5 Nxd4 14. Bxd4 O-O 15. Qd2
Ne5 16. O-O-O Nc4 17. Qf2 e5 18. Ba7 Qa5 19. Nd5 Bxd5 20. Rxd5 f6 21. gxf6 Bxf6
22. Rh3 Rc6 23. Bf1 Rfc8 24. Bd3 Qc7 25. Kb1 Qb7 26. c3 a5 27. Bxc4 Rxc4 28. Qb6
R8c7 29. Rxd6 Qxe4+ 30. Ka2 R4c6 31. Rxc6 Qxc6 32. Qxc6 Rxc6 33. h5 Rd6 34. a4
bxa4 35. Re3 e4 36. Rxe4 Rd5 37. Rf4 Kf7 38. Bb6 Rb5 39. Bf2 Bg5 40. Rxa4 Bc1
41. b4 axb4 42. cxb4 Rxf5 43. Bd4 1/2-1/2

[Event "Xtracon Chess Open 2017"]
[Site "Helsingor DEN"]
[Date "2017.07.28"]
[Round "8.4"]
[White "Sunilduth Lyna, Narayanan"]
[Black "Motylev, Alexander"]
[Result "1-0"]
[WhiteTitle "GM"]
[BlackTitle "GM"]
[WhiteElo "2564"]
[BlackElo "2680"]
[WhiteFideId "5058422"]
[BlackFideId "4121830"]
[EventDate "2017.07.22"]

1. Nf3 d5 2. g3 c6 3. Bg2 Bf5 4. c4 e6 5. cxd5 exd5 6. O-O Nf6 7. d3 Be7 8. Qb3
Qc8 9. e4 dxe4 10. Nd4 Bh3 11. dxe4 O-O 12. Bxh3 Qxh3 13. f3 Bc5 14. Be3 Re8 15.
Nc3 Nbd7 16. Nf5 Rad8 17. Nd1 b6 18. Nf2 Bxe3 19. Nxe3 Qe6 20. Qxe6 fxe6 21.
Rfd1 g5 22. Nd3 Rf8 23. g4 Ne8 24. Ne5 Nxe5 25. Rxd8 Nxf3+ 26. Kh1 Ne5 27. Rf1
Rxf1+ 28. Nxf1 Kf7 29. Nd2 a5 30. Rb8 b5 31. Rb7+ Kf6 32. b3 Nxg4 33. Ra7 Nd6
34. a4 bxa4 35. bxa4 c5 36. Rxa5 c4 37. Rc5 Ne5 38. a5 Nb7 39. Rxe5 c3 40. Nb3
Kxe5 41. a6 1-0

[Event "Xtracon Chess Open 2017"]
[Site "Helsingor DEN"]
[Date "2017.07.28"]
[Round "8.5"]
[White "Urkedal, Frode"]
[Black "Hammer, Jon Ludvig"]
[Result "1/2-1/2"]
[WhiteTitle "GM"]
[BlackTitle "GM"]
[WhiteElo "2543"]
[BlackElo "2628"]
[WhiteFideId "1506102"]
[BlackFideId "1503707"]
[EventDate "2017.07.22"]

1. d4 d5 2. c4 dxc4 3. Nf3 Nf6 4. e3 e6 5. Bxc4 a6 6. O-O c5 7. dxc5 Bxc5 8.
Qxd8+ Kxd8 9. Be2 Ke7 10. b3 Nbd7 11. Bb2 b6 12. Nbd2 Bb7 13. Ne1 b5 14. a4 Bb4
15. Ndf3 bxa4 16. Rxa4 Bd6 17. Nd2 Nb6 18. Ra1 Rhc8 19. Bd4 Bc5 20. Bxc5+ Rxc5
21. Nc4 Nxc4 22. Bxc4 Ne4 23. Nd3 Rc7 24. Nb2 Nd2 25. Rfd1 Nxc4 26. Nxc4 Rb8 27.
f3 Bd5 28. Na5 f5 29. Rd2 Rb5 30. Ra3 Rc3 31. Kf2 g5 32. Re2 Rb4 33. Raa2 h6 34.
Rac2 Rxc2 35. Rxc2 Kd7 36. Rc3 Rb5 37. Nc4 Bxc4 38. bxc4 Rb2+ 39. Kg3 Rb8 40.
Ra3 Ra8 41. Ra5 Kc6 42. c5 Kb7 43. h4 Rf8 44. hxg5 hxg5 45. f4 1/2-1/2

[Event "Xtracon Chess Open 2017"]
[Site "Helsingor DEN"]
[Date "2017.07.28"]
[Round "8.6"]
[White "Sokolov, Ivan"]
[Black "Kollars, Dmitrij"]
[Result "1/2-1/2"]
[WhiteTitle "GM"]
[BlackTitle "IM"]
[WhiteElo "2626"]
[BlackElo "2510"]
[WhiteFideId "14400030"]
[BlackFideId "12909572"]
[EventDate "2017.07.22"]

1. d4 d5 2. c4 e6 3. Nf3 Nf6 4. g3 Bb4+ 5. Nbd2 dxc4 6. Bg2 O-O 7. Qc2 a5 8. O-O
b5 9. a4 c6 10. b3 cxb3 11. Nxb3 bxa4 12. Nc5 Nbd7 13. Rxa4 Ba6 14. Nxa6 Rxa6
15. Ba3 c5 16. dxc5 Bxa3 17. Rxa3 Rc6 18. Rfa1 1/2-1/2

[Event "Xtracon Chess Open 2017"]
[Site "Helsingor DEN"]
[Date "2017.07.28"]
[Round "8.7"]
[White "Bosiocic, Marin"]
[Black "Wadsworth, Matthew J"]
[Result "1-0"]
[WhiteTitle "GM"]
[BlackTitle "FM"]
[WhiteElo "2616"]
[BlackElo "2298"]
[WhiteFideId "14507927"]
[BlackFideId "415804"]
[EventDate "2017.07.22"]

1. e4 e6 2. d4 d5 3. Nc3 Bb4 4. e5 c5 5. a3 Bxc3+ 6. bxc3 Qa5 7. Bd2 Qa4 8. Qg4
Kf8 9. Qd1 b6 10. dxc5 bxc5 11. Nf3 Ne7 12. Be2 Ba6 13. O-O Nd7 14. Rb1 h6 15.
Re1 Kg8 16. Bd3 c4 17. Bf1 Kh7 18. Rb4 Qa5 19. Nd4 Qc7 20. Qh5 Rhf8 21. g4 Nc5
22. Bg2 f6 23. exf6 Rxf6 24. g5 Rg6 25. f4 Rf8 26. Re5 Nc6 27. Nxc6 Qxc6 28. h4
Nd7 29. Re2 Qc5+ 30. Be3 Qd6 31. Qf3 Kg8 32. Qh3 hxg5 33. fxg5 e5 34. Rd2 d4 35.
cxd4 c3 36. Rf2 Rxf2 37. Bxf2 Re6 38. Qxc3 e4 39. Qb3 Kh8 40. d5 Re8 41. Rxe4 1-0

[Event "Xtracon Chess Open 2017"]
[Site "Helsingor DEN"]
[Date "2017.07.28"]
[Round "8.8"]
[White "Ikeda, Junta"]
[Black "Agdestein, Simen"]
[Result "0-1"]
[WhiteTitle "IM"]
[BlackTitle "GM"]
[WhiteElo "2427"]
[BlackElo "2604"]
[WhiteFideId "3204731"]
[BlackFideId "1500015"]
[EventDate "2017.07.22"]

1. d4 Nf6 2. c4 e6 3. Nc3 Bb4 4. f3 d5 5. a3 Bxc3+ 6. bxc3 Nc6 7. cxd5 exd5 8.
e3 Bf5 9. g4 Nxg4 10. h4 Nf6 11. h5 Qd6 12. Kf2 g6 13. h6 Nh5 14. Ne2 O-O-O 15.
Bg2 Qf6 16. Ng3 Nxg3 17. Kxg3 Rhe8 18. Qe2 Qd6+ 19. Kf2 Na5 20. Qb5 b6 21. Ra2
Kb8 22. Re2 Bd7 23. Qb4 Qf6 24. Kg1 g5 25. e4 Qg6 26. e5 f6 27. f4 Bg4 28. Rf2
gxf4 29. Bxf4 Nc6 0-1